000 004450000a22001690004500
041 0 _aSPA
082 0 4 _aG 266.0092 C9682g
100 1 _aCulross, Santiago
245 1 0 _aGuillermo Carey / Santiago Culross
260 _aEl Paso, TX., USA : Casa Bautista de Publicaciones
300 _a172 Pag
001 10295
942 _cBK
999 _c39889
_d39889
336 _atexto
_btxt
_2rdacontent
337 _2rdamedia
_asin mediación
_bn
338 _2rdacarrier
_avolumen
_bnc